000 00285nam a2200097Ia 4500
005 20251222114343.0
008 251222s1900||||xx |||||||||||||| ||spa||
082 _aDVD0060/C523/2002
245 0 _aCharlie Chaplin: Il Conte, Il Vagabondo, Charlot Pompiere, Charlot Macchisnista.:
942 _cDVD
999 _c932
_d932